English Words to Know: O - Statistics

General Stats
  • This quiz has been taken 62 times
  • The average score is 26 of 80
Answer Stats
Answer % Correct
or
92%
of
88%
on
88%
over
88%
off
81%
one
77%
other
77%
out
73%
oil
69%
open
65%
offer
62%
odd
58%
own
58%
ok
54%
often
50%
okay
50%
old
50%
our
50%
only
46%
order
46%
owe
46%
oh
42%
once
42%
onto
42%
opening
42%
operation
42%
office
38%
operate
38%
oven
38%
owner
38%
observe
35%
obtain
35%
origin
35%
oppose
31%
option
31%
orange
31%
original
31%
outside
31%
obvious
27%
ocean
27%
opinion
27%
opposite
27%
opposition
27%
object
23%
others
23%
observation
19%
officer
19%
official
19%
operating
19%
operator
19%
organic
19%
organize
19%
otherwise
19%
obviously
15%
occasion
15%
occur
15%
odds
15%
onion
15%
organization
15%
originally
15%
ourselves
15%
objective
12%
occasionally
12%
occupation
12%
offense
12%
offensive
12%
opportunity
12%
ordinary
12%
ought
12%
obligation
8%
occupy
8%
ongoing
8%
overall
8%
online
4%
orientation
4%
overcome
4%
overlook
4%
observer
0%
opponent
0%
outcome
0%
No matching quizzes found
Score Distribution
Percent of People with Each Score
Percentile by Number Answered
Your Score History
You have not taken this quiz